| 000 | 01151nam a2200313 i 4500 | ||
|---|---|---|---|
| 003 | DO-SdBNP | ||
| 005 | 20250610153724.0 | ||
| 007 | ta | ||
| 008 | 250610b2002 dr a|||| |||| 00| 0 spa d | ||
| 040 |
_aDO-SdBNP _bspa _cBNPHU _erda |
||
| 041 | _aspa | ||
| 082 | 4 |
_axxx _bxxx _222 |
|
| 245 | 0 | 0 |
_a16 pintores dominicanos en México _cMilagros Almonte, Elvis Aviles, Paula Batista, Emma Compres, Natalia Conde |
| 246 | 0 | 0 | _aDiesciseis pintores dominicanos en México |
| 264 | 1 |
_aSanto Domingo : _bPresidencia de la República; _bUniversidad Autónoma de México, _c2002. |
|
| 300 |
_a34 páginas : _bilustraciones ; _c26 cm. |
||
| 336 |
_atexto _btxt _2rdacontent |
||
| 337 |
_asin mediación _bn _2rdamedia |
||
| 338 |
_avolumen _bnc _2rdacarrier |
||
| 500 | _aLaberintos inexplorados en la pintura dominicana | ||
| 590 | _aInventariado, 2025/BT | ||
| 700 | 1 |
_aAlmonte, Milagros _eautor _4aut. _988043 |
|
| 700 | 1 |
_aAviles, Elvis, _eautor _4aut. _988044 |
|
| 700 | 1 |
_aBatista, Paula, _eautor _4aut. _940036 |
|
| 700 | 1 |
_aCompres, Emma, _eautor _4aut. _988045 |
|
| 700 | 1 |
_aConde, Natalia, _eautor _4aut. _988046 |
|
| 910 | _aBtavárez | ||
| 942 |
_2ddc _cLF2 |
||
| 999 |
_c59211 _d59211 |
||